| 000 | nam a22 7a 4500 | ||
|---|---|---|---|
| 999 |
_c233601 _d233601 |
||
| 003 | Nust | ||
| 005 | 20170309111812.0 | ||
| 008 | 170309b xxu||||| |||| 00| 0 eng d | ||
| 040 | _c0 | ||
| 082 | _a338.9 | ||
| 100 | _4A N Agrawal | ||
| 245 |
_aEconomics of development and planning _cA N Agrawal and Kundan Lal |
||
| 250 | _a3rd edition | ||
| 260 |
_aNew Delhi _bVikas publishing House _c1997 |
||
| 300 | _a502p | ||
| 942 |
_2ddc _cBK |
||